000 00862nam a22002657a 4500
001 00101
003 DO-SdBNP
005 20241017134948.0
007 00101
008 160321t 2010 sp o 000 f spa d
020 _a9788478443222
040 _aBPMSU
_bspa
_cBPMSU
082 4 _a839.8236
_bG111m 1994
_222
100 1 0 _aGaarder, Jostein,
_d1952-
245 1 3 _aEl mundo de Sofía :
_bnovela sobre la historia de la filosofía /
_cJostein Gaarder ; traducción Kirsti Baggethun, Asunción Lorenzo
260 _aMadrid :
_bSiruela ,
_c1994.
300 _a638 p. ;
_c22 cm.
590 _aInventariado, 2024/VM
650 4 _aNovela noruega
650 4 _aFilosofía
_xHistoria
_vnovela noruega
_y
700 1 _aBaggethun, Kirsti,
_etraductor
700 1 _aLorenzo, Asunción,
_etraductor
910 _aVMateo V. Control de calidad. BPMSU
942 _2ddc
_cBK
999 _c9277
_d9277